000 00580nam a2200193Ia 4500
003 SISC
005 20181121074514.0
008 181119s9999 xx 000 0 und d
020 _a9789713200006
050 _aBF 503
_b.M478 2002
100 _aMcGinnis, Alan Loy
245 _aBringing out the best in people:
_bhow to enjoy helping others excel /
_cAlan Loy McGinnis
260 _aQuezon City :
_bClaretian Publications
_c2002
300 _a191 pages :
_c17 cm.
650 _aMotivation (Psychology)
650 _aPsychology, Applied
942 _2lcc
_cBK
999 _c359435
_d359435